Management Theory and Practice (Record no. 6288)

MARC details
005 - DATE AND TIME OF LATEST TRANSACTION
control field 20250629112937.0
020 ## - INTERNATIONAL STANDARD BOOK NUMBER
International Standard Book Number 978-1-84480-095-7
082 ## - DEWEY DECIMAL CLASSIFICATION NUMBER
Classification number 658 COL
100 ## - MAIN ENTRY--PERSONAL NAME
Author name COLE.G.
245 ## - TITLE STATEMENT
Title Management Theory and Practice
250 ## - EDITION STATEMENT
Edition statement 6th Ed.
260 ## - PUBLICATION, DISTRIBUTION, ETC.
Place of publication, distribution, etc. London,
Name of publisher, distributor, etc. South-Western CENGAGE Learning,
Date of publication, distribution, etc. 2004.
300 ## - PHYSICAL DESCRIPTION
Extent xi,481p.:ill.;figures,tables
Other physical details Appendix,Bibliography and Index
Dimensions 25cm
942 ## - ADDED ENTRY ELEMENTS (KOHA)
Source of classification or shelving scheme Dewey Decimal Classification
Koha item type Books
Holdings
Date last seen Total checkouts Full call number Barcode Cost, replacement price Price effective from Koha item type Lost status Source of classification or shelving scheme Damaged status Not for loan Withdrawn status Home library Current library Shelving location Date acquired Source of acquisition Cost, normal purchase price
06/29/2025   658 COL MZA0002862 37425.00 06/29/2025 Books   Dewey Decimal Classification       CBE Mwanza CBE Mwanza Special Reserve Collection 07/16/2019 Library Budget 12475.00